ARRUPE JESUIT UNIVERSITY

CORONAVIRUS -STOP THE SPREAD - CLEAN,DISINFECT,COVER

Afrikology, philosophy and wholeness (Record no. 6189)

MARC details
000 -LEADER
fixed length control field 00517nam a2200193Ia 4500
003 - CONTROL NUMBER IDENTIFIER
control field 0100
008 - FIXED-LENGTH DATA ELEMENTS--GENERAL INFORMATION
fixed length control field 130227s9999 xx 000 0 und d
040 ## - CATALOGING SOURCE
Transcribing agency ARRUPELIB
050 ## - LIBRARY OF CONGRESS CALL NUMBER
Classification number B5305.N117 2011
100 ## - MAIN ENTRY--PERSONAL NAME
Personal name Nabudere, Dani W.
245 ## - TITLE STATEMENT
Title Afrikology, philosophy and wholeness
260 ## - PUBLICATION, DISTRIBUTION, ETC. (IMPRINT)
Place of publication, distribution, etc Pretoria
260 ## - PUBLICATION, DISTRIBUTION, ETC. (IMPRINT)
Name of publisher, distributor, etc Africa Institute of South Africa
260 ## - PUBLICATION, DISTRIBUTION, ETC. (IMPRINT)
-- 2011
300 ## - PHYSICAL DESCRIPTION
Extent 170p.
300 ## - PHYSICAL DESCRIPTION
Other physical details 24cm.
650 ## - SUBJECT ADDED ENTRY--TOPICAL TERM
Topical term following geographic name as entry element Bible-Criticism, Interpretation, etc-Africa, Sub-Saharan-Congresses
942 ## - ADDED ENTRY ELEMENTS (KOHA)
Source of classification or shelving scheme Library of Congress Classification
Koha issues (borrowed), all copies 8
Holdings
Withdrawn status Lost status Source of classification or shelving scheme Damaged status Not for loan Collection code Home library Current library Shelving location Date acquired Total Checkouts Total Renewals Full call number Barcode Date last seen Date last borrowed Copy number Price effective from Koha item type
    Library of Congress Classification     Main Collection ARRUPE LIBRARY ARRUPE LIBRARY   27/02/2013 11 1 B5305.N117 2011 46408586 07/05/2021 07/04/2021 1 27/02/2013 Monograph ( Printed materials)

 

Arrupe Library. PO Box MP320 Mt Pleasant, Harare, Zimbabwe
263 242 745411|librarian@aju.ac.zw